|
|
|
|
| LEADER |
00000caa a22000002c 4500 |
| 001 |
1912636727 |
| 003 |
DE-627 |
| 005 |
20250122055019.0 |
| 007 |
tu |
| 008 |
241217s2010 xx ||||| 00| ||eng c |
| 035 |
|
|
|a (DE-627)1912636727
|
| 035 |
|
|
|a (DE-599)KXP1912636727
|
| 040 |
|
|
|a DE-627
|b ger
|c DE-627
|e rda
|
| 041 |
|
|
|a eng
|
| 084 |
|
|
|a 2,1
|2 ssgn
|
| 100 |
1 |
|
|a Daly, Rich
|e VerfasserIn
|4 aut
|
| 245 |
1 |
0 |
|a NIDA director warns against complacency on marijuana use
|
| 264 |
|
1 |
|c 2010
|
| 336 |
|
|
|a Text
|b txt
|2 rdacontent
|
| 337 |
|
|
|a ohne Hilfsmittel zu benutzen
|b n
|2 rdamedia
|
| 338 |
|
|
|a Band
|b nc
|2 rdacarrier
|
| 773 |
0 |
8 |
|i Enthalten in
|t Psychiatric news
|d Washington, DC, 1966
|g 46(2010), 3, Seite 10
|w (DE-627)167181890
|w (DE-600)424439-4
|w (DE-576)9167181899
|x 0033-2704
|7 nnas
|
| 773 |
1 |
8 |
|g volume:46
|g year:2010
|g number:3
|g pages:10
|
| 787 |
0 |
8 |
|i Forschungsdaten
|a Johnston, Lloyd D.
|t Monitoring the Future: A Continuing Study of American Youth (12th-Grade Survey), 2010
|d [Erscheinungsort nicht ermittelbar] : [Verlag nicht ermittelbar], 2011
|w (DE-627)1840049979
|
| 787 |
0 |
8 |
|i Forschungsdaten
|a Johnston, Lloyd D.
|t Monitoring the Future: A Continuing Study of American Youth (8th- and 10th-Grade Surveys), 2010
|d [Erscheinungsort nicht ermittelbar] : [Verlag nicht ermittelbar], 2011
|w (DE-627)1840049987
|
| 935 |
|
|
|a mkri
|
| 951 |
|
|
|a AR
|
| ELC |
|
|
|b 1
|
| LOK |
|
|
|0 000 xxxxxcx a22 zn 4500
|
| LOK |
|
|
|0 001 4637602262
|
| LOK |
|
|
|0 003 DE-627
|
| LOK |
|
|
|0 004 1912636727
|
| LOK |
|
|
|0 005 20241217044745
|
| LOK |
|
|
|0 008 241217||||||||||||||||ger|||||||
|
| LOK |
|
|
|0 035
|a (DE-2619)ICPSR98447
|
| LOK |
|
|
|0 040
|a DE-2619
|c DE-627
|d DE-2619
|
| LOK |
|
|
|0 092
|o n
|
| LOK |
|
|
|0 852
|a DE-2619
|
| LOK |
|
|
|0 852 1
|9 00
|
| LOK |
|
|
|0 935
|a nacp
|
| LOK |
|
|
|0 939
|a 17-12-24
|b l01
|
| ORI |
|
|
|a SA-MARC-krimdoka001.raw
|